Statistics for Kengan Ashura/Omega Ultimate quizz!

Click here to take the quiz!

General Stats

  • This quiz has been taken 214 times
  • The average score is 24 of 50

Answer Stats

HintAnswer% Correct
FinalistTokita Ohma
94%
R2 LoserRaian Kure
83%
Semi FinalistKanoh Agito
81%
WinnerKuroki Gensai
80%
Quarter FinalistImai Cosmo
78%
R1 LoserAdam Dudley
71%
Semi FinalistWakatsuki Takeshi
68%
Purgatory 's KureAlan Wu
65%
Purgatory 's KingLolong Donaire
63%
Quarter FinalistMikazuchi Rei
63%
R1 LoserRihito
59%
R1 LoserInaba Ryo
58%
R2 LoserAkoya Seishu
57%
Purgatory 's Kuroki if he was a boxerCarlos Medel
57%
R1 LoserKono Haruo
57%
R2 LoserKiryu Setsuna
55%
R2 LoserYoroizuka Saw Paing
55%
R2 Loser and not top tierGaolang WongSawat
52%
R2 LoserJulius Reinhold
52%
Quarter FinalistMuteba Gizenga
52%
R1 LoserMeguro Masaki
51%
Quarter FinalistHatsumi Sen
50%
Omega "Sasuke" like characterGaoh Ryuki
48%
R1 LoserMokichi Robinson
48%
R1 Loser but a broOkubo Naoya
48%
Purgatory 's New Zealand RugbymanToa Mudo
47%
Purgatory 's Gentle KingJurota Arashiyama
45%
R1 LoserMurobuchi Gozo
45%
R2 LoserSekibayashi Jun
45%
Omega main "weak" characterKoga Narushima
43%
Purgatory 's Kure + Fang + Chinese Martial ArtsLu Tian
43%
Strongest Fang of MetsudoMisasa
38%
Purgatory 's fighter who had probably an intercourse with the refereeNicolas Le Banner
38%
Bishamon #1Nezu Masami
37%
R1 LoserKaro Yoshinari
35%
Purgatory 's Triad Mafia blond/silver haired guyFei WangFang
34%
Purgatory 's Triad Mafia member with dark hairLiu DongCheng
34%
R1 LoserNikaido Ren
34%
Purgatory 's Cheating weebAlbert Lee
33%
R2 LoserBando Yohei
32%
Purgatory 's FangYumigahama Hikaru
32%
R1 LoserKiozan Takeru
31%
R1 Cheating LoserHanafusa Hajime
30%
R1 Loser but with meritKaneda Suekichi
30%
R1 LoserChiba Takayuki
27%
R1 LoserSawada Keizaburo
27%
Purgatory 's sacrificial lambNaidan Monkhbat
26%
Purgatory 's SentaiTerashi
24%
Hottest GirlShiina Alisa
20%
Strongest CharacterKazuo Yamashita
13%

Score Distribution

Percentile by Number Answered

Percent of People with Each Score

Your Score History

You have not taken this quiz